[Event "GER-chT U10"]
[Site "Magdeburg"]
[Date "2014.12.29"]
[Round "6.3"]
[White "Reichardt, Henrik"]
[Black "Bassow, Konstantin"]
[Result "0-1"]
[WhiteElo "1065"]
[BlackElo "1001"]
[PlyCount "76"]
[EventDate "2014.12.27"]
[EventType "team-swiss"]
[EventRounds "7"]
[EventCountry "GER"]
[SourceTitle "EXT 2016"]
[Source "ChessBase"]
[SourceDate "2015.10.08"]
[SourceVersion "1"]
[SourceVersionDate "2015.10.08"]
[SourceQuality "1"]
[WhiteTeam "Lambsheim"]
[BlackTeam "Bremen Nord"]
[WhiteTeamCountry "GER"]
[BlackTeamCountry "GER"]

1. e4 e5 2. Nf3 Nc6 3. Bc4 Bc5 4. Nc3 Nf6 5. d3 h6 6. 0-0 d6 7. h3 0-0 8. Be3 Bb6 9. Qd2 Be6 10. Bb3 Qe7 11. Nd5 Qd8 12. Nxf6+ Qxf6 13. c3 Qg6 14. Kh2 Kh8 15. Rad1 f5 16. Nh4 Qf6 17. Nf3 Ba5 18. Bxe6 Qxe6 19. b4 Bb6 20. a4 a6 21. a5 Ba7 22. Bxa7 Nxa7 23. Rfe1 Nc6 24. d4 Rad8 25. d5 Qg6 26. dxc6 fxe4 27. Nh4 Qf6 28. Rxe4 d5 29. Rxe5 Qxe5+ 30. g3 Qf6 31. Kg2 g5 32. Ng6+ Qxg6 33. cxb7 d4 34. c4 Qe4+ 35. Kf1 Qh1+ 36. Ke2 Qf3+ 37. Ke1 Rde8+ 38. Kf1 Qh1# 0-1

[Event "GER-chT U10"]
[Site "Magdeburg"]
[Date "2014.12.27"]
[Round "1.3"]
[White "Bassow, Konstantin"]
[Black "Budde, Malte"]
[Result "1-0"]
[WhiteElo "1001"]
[BlackElo "785"]
[PlyCount "71"]
[EventDate "2014.12.27"]
[EventType "team-swiss"]
[EventRounds "7"]
[EventCountry "GER"]
[SourceTitle "EXT 2016"]
[Source "ChessBase"]
[SourceDate "2015.10.08"]
[SourceVersion "1"]
[SourceVersionDate "2015.10.08"]
[SourceQuality "1"]
[WhiteTeam "Bremen Nord"]
[BlackTeam "Buende"]
[WhiteTeamCountry "GER"]
[BlackTeamCountry "GER"]

1. e4 e5 2. Nf3 Nc6 3. Bc4 Nf6 4. Nc3 Bc5 5. d3 d6 6. h3 0-0 7. Bg5 h6 8. Bh4 Be6 9. Bb3 Bxb3 10. axb3 a6 11. 0-0 b5 12. Nd5 Nxd5 13. Bxd8 Raxd8 14. exd5 Nd4 15. Nxd4 Bxd4 16. c3 Bb6 17. c4 bxc4 18. bxc4 Ra8 19. b4 a5 20. bxa5 Bxa5 21. Qg4 Ra7 22. Kh2 Bb6 23. Rxa7 Bxa7 24. f4 Rb8 25. Qd7 f6 26. Qxc7 Ra8 27. Qb7 Rb8 28. Qxa7 Rb3 29. Qc7 Rxd3 30. Qxd6 Rd4 31. fxe5 fxe5 32. Qf8+ Kh7 33. Rf7 Kg6 34. Qxg7+ Kh5 35. Rf5+ Kh4 36. g3# 1-0

[Event "Niedersachsen-ch op-B"]
[Site "Verden"]
[Date "2014.01.05"]
[Round "7"]
[White "Bassow, Konstantin"]
[Black "Wolterink, Jule"]
[Result "1-0"]
[WhiteElo "989"]
[BlackElo "811"]
[PlyCount "53"]
[EventDate "2014.01.02"]
[EventType "swiss"]
[EventRounds "7"]
[EventCountry "GER"]
[SourceTitle "EXT 2016"]
[Source "ChessBase"]
[SourceDate "2015.10.08"]
[SourceVersion "1"]
[SourceVersionDate "2015.10.08"]
[SourceQuality "1"]

1. e4 e6 2. Nf3 d5 3. e5 c5 4. d4 Nc6 5. Bb5 Qb6 6. Nc3 Bd7 7. Bxc6 Bxc6 8. Be3 Qxb2 9. Ne2 f6 10. 0-0 Bb5 11. Rb1 Qxa2 12. Nc3 Qa3 13. Nxb5 Qa6 14. Nc7+ Kd8 15. Nxa6 bxa6 16. dxc5 fxe5 17. Nxe5 Nf6 18. Nf7+ Ke7 19. Nxh8 g6 20. Bd4 Bg7 21. Rb7+ Kf8 22. Qf3 Kg8 23. Bxf6 Kxh8 24. Bxg7+ Kg8 25. Qf6 a5 26. Bh8 a4 27. Qg7# 1-0

[Event "Niedersachsen-ch op-B"]
[Site "Verden"]
[Date "2014.01.03"]
[Round "3"]
[White "Ter Stal, Danja Yvonne"]
[Black "Bassow, Konstantin"]
[Result "1/2-1/2"]
[WhiteElo "790"]
[BlackElo "989"]
[PlyCount "35"]
[EventDate "2014.01.02"]
[EventType "swiss"]
[EventRounds "7"]
[EventCountry "GER"]
[SourceTitle "EXT 2016"]
[Source "ChessBase"]
[SourceDate "2015.10.08"]
[SourceVersion "1"]
[SourceVersionDate "2015.10.08"]
[SourceQuality "1"]

1. d4 d5 2. Nc3 Bf5 3. Bf4 Nc6 4. Qd2 Nf6 5. f3 e6 6. h4 h6 7. e3 Bb4 8. 0-0-0 0-0 9. g4 Bh7 10. h5 Ne8 11. g5 hxg5 12. Bg3 a5 13. Bd3 Bxd3 14. Qxd3 Nd6 15. h6 Nf5 16. h7+ Kh8 17. Bf2 a4 18. a3 1/2-1/2